Toutes les Techniques de Xavier Foster/Kiyama Hiroto D'Inazuma Eleven - Statistiques

Statistiques générales
  • Ce quiz a été pris 70 fois
  • Le résultat moyen est 7 sur 11
Statistiques - réponses
Réponse Type de quiz Première Utilisation % Correct
Météore Géant TIR S2
98%
Big Bang TIR S3
89%
Frappe Stellaire TIR S3
89%
L'Aurore TIR S3
87%
Supernova TIR S2
81%
Feu Tout-Puissant TIR S3
76%
Manchot Spatial TIR S2
72%
Flash Photonique DEF MANGA
35%
Attaque Cosmique TIR ARES
22%
Triangle de la Mort Ultime TIR FILM
19%
KAMAKURA D GK ORION
17%
Aucun quiz correspondant
Distribution des résultats
% des personnes avec chaque résultat
Percentile par nombre de réponses
Votre historique - résultats
Vous n’avez pas pris ce quiz